Lego City Undercover - All Districts - Statistics

General Stats
  • This quiz has been taken 185 times
  • The average score is 10 of 17
Answers on the Map
Answers color-coded by a green-red scale on the quiz's map according to % correct below.
 
Answer Stats
Answer % Correct
Cherry Tree Hills
86%
Auburn
83%
Apollo Island
70%
Fresco
66%
Downtown
64%
Uptown
62%
Bluebell National Park
60%
Fort Meadows
60%
Paradise Sands
59%
Lady Liberty Island
56%
Albatross Island
55%
Lego City Airport
53%
Pagoda
53%
Festival Square
48%
King’s Court
48%
Bright Lights Plaza
45%
Crescent Park
45%
No matching quizzes found
Score Distribution
Percent of People with Each Score
Percentile by Number Answered
Your Score History
You have not taken this quiz